• 首页
  • 本馆介绍
  • 公告通知
  • 最新文献
  • 馆藏检索
  • 电子资源
  • 读者导购
  • 参考咨询
  • 我的图书馆
  • 登录
  • 详细信息显示
  • 放入我的书架
  • 预约/预借图书
  • 作者相关作品
  • 分类相关作品
  • 丛书相关作品
  • 出版社相关作品

书目信息

  • 表格格式
  • 工作单格式
  • 卡片格式
题名:
特殊函数概论
    
 
作者: 王竹溪 , 郭敦仁 编著
分册:  
出版信息: 北京   北京大学出版社  2000.5
页数: 680页
开本: 20cm
丛书名: 北京大学物理学丛书
单 册:
中图分类: O174.6
科图分类:
主题词: 特殊函数--概论
电子资源:
ISBN: 7-301-04530-1
000 00673nam0 2200229 45
001 0112291054
005 20031219104052.3
010    @a7-301-04530-1@dCNY34.00
100    @a20011229e20012000km y0chiy0120 ea
101 0  @achi
105    @a z 000yy
200 1  @a特殊函数概论@ATe Shu Han Shu Gai Lun@f王竹溪,郭敦仁[编著]@FWang Zhu Xi,Guo Dun Ren[Bian Zhu]
210    @a北京@c北京大学出版社@d2000.5
215    @a680页@d20cm
225    @a北京大学物理学丛书
410    @12001 @a北京大学物理学丛书
606 0  @a特殊函数@x概论
690    @aO174.6@v4
701  0 @a王竹溪@4编著
701  0 @a郭敦仁@4编著
801    @aCN@bTSTC@c20020109
905    @b302664-670@dO174.6@e117@f7
    
    特殊函数概论/王竹溪,郭敦仁[编著].-北京:北京大学出版社,2000.5
    680页;20cm.-(北京大学物理学丛书)
    
    
    ISBN 7-301-04530-1:CNY34.00
    
●
相关链接 在E读中查询图书 在五车中查询图书 在当当中查询图书 在豆瓣中查询图书


正题名:特殊函数概论     索取号:O174.6/117         预约/预借

序号 登录号 条形码 馆藏地/架位号 状态 备注
1 0302664   203026643   第三借阅区/ [索取号:O174.6/117] 在馆    
2 0302665   203026652   第三借阅区/ [索取号:O174.6/117] 在馆    
3 0302666   203026661   第三借阅区/ [索取号:O174.6/117] 在馆    
4 0302667   203026670   第三借阅区/ [索取号:O174.6/117] 在馆    
5 0302668   203026689   第三借阅区/ [索取号:O174.6/117] 在馆    
6 0302669   203026698   第三借阅区/ [索取号:O174.6/117] 在馆    
7 0302670   203026705   第二样本阅览室/ [索取号:O174.6/117] 在馆    
唐山师范学院图书馆 欢迎您!
大连网信软件有限公司© 版权所有